Statistics for Teeenser and Friends Funny moments 1

Click here to take the quiz!

General Stats

  • This quiz has been taken 3 times
  • The average score is 7 of 15

Answer Stats

Person who said the quote or memorable moments. what video they said it inquote, who said or did it, what happened, etc% Correct
Myles ran into what in the first funny moments 1a spike trap
100%
Teeenser said this while getting rushed in funny moments 1Little do they know I have two pumps
100%
Who gets the final kill to get teeenser his first WRavi
100%
Who ran into the spike trap before MylesRiley
100%
What was the weapon ____ UsedRPG
100%
Ravi said this after they all died after getting rushed in funny moments 1Wow
100%
What is Teeenser's logo at the end of the videoYour logo
50%
What does Myles say after teeenser diesand there goes camron
0%
Where were the last 2 peoplebehind the tree
0%
What is teeenser's quote after getting shot outside the bathroom in funny moments 1Bye Riley have fun
0%
Who kills teeenser while at tilted in funny moments 1Mickey_Moose
0%
How does Teeenser get finished at retail with Chance, Ravi, and Riley in funny moments 1Noscoped
0%
in funny moments where are the stairson the right
0%
Who says why didn't you kill him, and who does he say it tooRiley to Teeenser and Ravi
0%
He has got a ---- ---- ------ (this is towards the end of the video)Semi-auto Sniper
0%

Score Distribution

Percentile by Number Answered

Percent of People with Each Score

Your Score History

You have not taken this quiz